000 00590nam a2200145Ia 4500
008 170221s9999 xx 000 0 und d
100 _aMohd Nizam Sarkawi
245 _aModerating Effect of Growth Need Strength on the Relationship between Job Characteristics and Job Satisfaction
245 _cMohd Nizam Sarkawi, Abdul Rahman Jaafar, Jauriyah Shamsuddin, Noor Fareen Abdul Rahim
260 _bInternational Review of Management and Marketing
260 _cDecember 2013
300 _a5:2
650 _xMarketing.
856 _uhttp://www.econjournals.com/index.php/irmm/issue/view/97
999 _c310281
_d310281